Wordt geladen...

Biochemistry for veterinary students

Bibliografische gegevens
Hoofdauteur: D G Harvey
Formaat: Printed Book
Taal:Undetermined
Gepubliceerd in: Blackwell 1969
Oxford
Onderwerpen:
LEADER 00605nam a2200229Ia 4500
008 141122s9999 xx 000 0 und d
040 |c . 
041 |a English 
082 |a 572 
082 |b HAR/BI 
100 |a D G Harvey 
245 |a Biochemistry for veterinary students 
245 |c D G Harvey 
260 |b Blackwell  
260 |b Oxford 
260 |c 1969 
300 |a 356 Pages 
500 |a Closed 
650 |a Biochemistry 
942 |c BK 
999 |c 11851  |d 11851 
952 |0 0  |1 0  |4 0  |6 572_000000000000000_HARBI  |7 0  |9 11712  |a COVAS  |b COVAS  |d 0000-00-00  |o 572 HAR/BI  |p 2578  |r 2014-11-26  |w 2014-11-26  |y BK